| 000 | 00871nam a2200241 i 4500 | ||
|---|---|---|---|
| 001 | 186350 | ||
| 003 | ES-MaACL | ||
| 005 | 20251003063200.0 | ||
| 008 | 161026s1993 fr cf |||| |dfre d | ||
| 020 | _a2-909052-20-6 | ||
| 080 | _a821.133.1-32"18" | ||
| 100 | 1 |
_aBoissière, Jules, _d1863-1897 _9161129 |
|
| 245 | 1 | 0 |
_aFumeurs d'opium. _pComédiens ambulants _b: Les génies du mont Tân-Vien et autres nouvelles / _cJules Boissière. |
| 246 | 1 | 0 | _aComédiens ambulants |
| 260 |
_aParis : _bKailash, _c[1993] ( _eIndia) |
||
| 300 |
_a280 p., [14] h. de lám. ; _c23 cm. |
||
| 490 | 1 | _aBibliotheca asiatica | |
| 651 | 4 |
_aChina- _xSituación social. _98063 |
|
| 740 | 4 | 2 | _aLes génies du mont Tân-Vien. |
| 830 | 0 |
_aBibliotheca asiatica _9225406 |
|
| 852 |
_aES-MaACL _jL-30710 _z- enc. tela _z. - Donat. Miguel A. Velasco |
||
| 999 |
_c186350 _d186350 |
||